00731nam a2200169 a 450000100100000000500170001000800410002704000250006824501340009325000110022726000610023830000200029904900090031995201050032895201110043399900170054400002883220200930055150.0110412s1983 dr 000 0 spa d aDO-SdBNPbspacBNPHU00aAcademia Dominicana de Medicina :botros maestros de la medicina (con motico de la inaguración de la galeríade profesores )/. a3a ed. aSanto Domingo :bAcademia Dominicana de Medicina,c1983. a26 P. ;c22 cm. aBNPD 0010718PDaPDbPDcCTd2011-04-12iLF1l0o p28832-10r2020-06-25w2020-06-25yLFPDZNo se presta 0010718PDaPDbPDcCTd2011-04-12iLF1l0o p28832-20r2020-06-25te. 2w2020-06-25yLFPDZNo se presta c28324d28324